| Поле | Инд. | ПП | Название | Значение |
|---|---|---|---|---|
| Тип записи | a | |||
| Библиографический уровень | a | |||
| 001 | Контрольный номер | 7aa112d6161e40c0944f33c758518899 | ||
| 005 | Дата корректировки | 20241224152330.1 | ||
| 020 | a | ISBN | 978-5-7995-1350-4 | |
| 041 | 0_ | a | Код языка текста | rus |
| 080 | a | Индекс УДК | 378.147: 316.472.4 | |
| 097 | b | Оператор | *Плё* | |
| 100 | 1_ | a | Автор | Шарифуллина А.И. |
| 245 | 10 | a | Заглавие | Современные подходы к управлению качеством образования |
| b | Продолж. заглавия | статья | ||
| p | Название части/ раздела | Текст : электронный | ||
| 520 | 0_ | a | Аннотация | Рассмотрена тема обеспечения качества образовательных услуг. Указано, что современные методы управления образованием должны быть направлены на повышение качества образовательных 157 услуг. Обоснована необходимость использования современных подходов к управлению образованием как неотъемлемым элементом экономики, являющимся драйвером профессионального роста и изменений в обществе. |
| 653 | 0_ | a | Ключевые слова | Менеджмент |
| a | Ключевые слова | Управление образованием | ||
| a | Ключевые слова | Учебное заведение | ||
| a | Ключевые слова | Образовательный процесс | ||
| a | Ключевые слова | Обучение | ||
| a | Ключевые слова | Институционализация | ||
| a | Ключевые слова | Образовательные услуги | ||
| a | Ключевые слова | Подход | ||
| a | Ключевые слова | Метод | ||
| a | Ключевые слова | Качество | ||
| a | Ключевые слова | Функционирование | ||
| a | Ключевые слова | Ценность | ||
| a | Ключевые слова | Глобализация | ||
| 773 | 18 | w | Контрольный № источника | 9822ff8ddc524d69a02bf684fd804d35 |
| t | Название источника | Актуальные проблемы качества образования в высшей школе | ||
| d | Место и дата издания | Тверь : ТвГТУ, 2024 | ||
| g | Прочая информация | С. 156-160 | ||
| 900 | a | Имя макрообъекта | 001-000161178-000000000-0000-0000-01 | |
| 901 | t | Тип документа | a | |
| 950 | a | Редактор записи | вш | |
| 951 | i | EL-ТГТУ? | да |